00727nam a2200169 a 4500003000200000005001700002008004100019050003200060100003000092245013500122260009000257300004000347504004100387650005200428650003400480650004300514020250414150349.0060802s19uu xx 00 eng d aPHS HQ 799.2.R44b.Z85 2006 aZulueta, Russell Allen S. aThe Effects of the comprehensive growth series on the responsibility of the grade 11 students of SISC /cRussell Allen S. Zulueta. aLas Piñas City, Philippines :bSouthville International School and Colleges,c2006. a33 pages :billustrations ;c28 cm. aIncludes bibliographical references. aResponsibilityxStudy and teaching (Secondary). aMoral educationzPhilippines. aCharacterxDevelopment in adolescence.